Markets (Record no. 82910)

MARC details
000 -LEADER
fixed length control field 01135cab a22002295a 4500
001 - CONTROL NUMBER
control field L152201
008 - FIXED-LENGTH DATA ELEMENTS--GENERAL INFORMATION
fixed length control field 110210e20110114xxk 000 0 eng d
035 ## - SYSTEM CONTROL NUMBER
System control number (Sirsi) u152201
041 0# - LANGUAGE CODE
Language code of text/sound track or separate title eng
100 1# - MAIN ENTRY--PERSONAL NAME
Personal name Eade, Christine
245 00 - TITLE STATEMENT
Title Markets
Remainder of title Somerset, Devon and Cornwall
260 ## - PUBLICATION, DISTRIBUTION, ETC.
Date of publication, distribution, etc. 2011
490 #0 - SERIES STATEMENT
Series statement Property Week
Volume/sequential designation 77(2) 14 January 2011, 43-46(4)
520 ## - SUMMARY, ETC.
Summary, etc. Firepool, the £270m redevelopment of Taunton's cattle market and car parks, will commence this summer. Grade II-listed consent granted to Urban Splash to restore the New Cooperage site, part of Plymouth's Royal William Yard. Land Securities has started developing the first city centre John Lewis At Home store in Exeter. London & Wharfedale are seeking planning consent for 100 acres of the 250 acre Royal Bath and West Society's showground at Shepton Mallet. Torbay Development Agency plots English Riviera renaissance for Torquay, Paignton and Brixham.
590 ## - LOCAL NOTE (RLIN)
Local note KA
651 #4 - SUBJECT ADDED ENTRY--GEOGRAPHIC NAME
Geographic name Somerset
651 #4 - SUBJECT ADDED ENTRY--GEOGRAPHIC NAME
Geographic name Devon
651 #4 - SUBJECT ADDED ENTRY--GEOGRAPHIC NAME
Geographic name Cornwall
690 ## - LOCAL SUBJECT ADDED ENTRY--TOPICAL TERM (OCLC, RLIN)
Topical term or geographic name as entry element PROPERTY-COMMERCIAL PROPERTY-COMMERCIAL PROPERTY MARKET
700 1# - ADDED ENTRY--PERSONAL NAME
Personal name Molton, Colin
942 ## - ADDED ENTRY ELEMENTS (KOHA)
Suppress in OPAC 0
Holdings
Withdrawn status Lost status Source of classification or shelving scheme Damaged status Not for loan Home library Current library Shelving location Date acquired Total Checkouts Full call number Barcode Date last seen Copy number Price effective from Koha item type
    Dewey Decimal Classification     Virtual Virtual Journal article 10/02/2011   L152201 152201-2001 06/08/2019 1 06/08/2019 Journal article